Loading...
Angane oru dinam
| Hovedforfatter: | |
|---|---|
| Format: | Printed Book |
| Udgivet: |
Current books trissur
2016
|
| LEADER | 00312nam a2200109 4500 | ||
|---|---|---|---|
| 082 | |||
| 100 | |a Nasserudin Sha | ||
| 245 | |a Angane oru dinam |c Nasserudin Sha | ||
| 260 | |a Current books trissur |c 2016 | ||
| 942 | |c BK | ||
| 999 | |c 198713 |d 198713 | ||
| 952 | |0 0 |1 0 |4 0 |7 0 |9 212062 |a DCI |b DCI |d 2019-10-29 |l 0 |p DCI5446 |r 2019-10-29 |w 2019-10-29 |y BK | ||